[Event "POL-chT3"]
[Site "Jastrzebia Gora POL"]
[Date "2015.??.??"]
[Round "6.20"]
[White "Sopur, Lech"]
[Black "Piotrowski, Przemyslaw"]
[Result "1-0"]
[WhiteElo "2419"]
[BlackElo "2193"]
[EventDate "2015.??.??"]
[WhiteTitle "m"]
[BlackTitle "k"]

1.d4 c5 2.e3 Nf6 3.Nf3 g6 4.Be2 Bg7 5.O-O O-O 6.b3 d5 7.Bb2 Ne4 8.Nbd2 Nc6
9.Ne5 Nxe5 10.dxe5 Qc7 11.f4 Rd8 12.Nxe4 dxe4 13.Qe1 Be6 14.Qc3 f5 15.Bc4 
Bd5 16.Rfd1 Qc6 17.a4 e6 18.Bb5 Qc7 19.Rd2 Rac8 20.Rad1 b6 21.Ba6 Rb8 22.
Be2 a5 23.Ba1 Rbc8 24.Ba6 Ra8 25.Bc4 Qb7 26.Bb5 Bf8 27.Qb2 Be7 28.c4 Bc6 
29.Rd6 Bxb5 30.cxb5 Qc7 31.Qc3 Kf7 32.R1d2 Rac8 33.Bb2 Bf8 34.h3 Bg7 35.
Qc4 Qe7 36.Qc1 Rb8 37.Qd1 Ke8 38.g4 Bf8 39.Kg2 Bg7 40.Kg3 h6 41.gxf5 gxf5 
42.Qh5+ Kf8 43.Qg6 Rxd6 44.Rxd6 Qe8 45.Qxe8+ Kxe8 46.Rxe6+ Kf8 47.Rd6 Ke8 
48.Re6+ Kf8 49.Kh4 Rd8 50.Rxb6 Rd3 51.Rb8+ Ke7 52.Rb7+ Kf8 53.Ba3 Rxb3 54.
Bxc5+ Kg8 55.b6 Rb1 56.Rc7 Rc1 1-0

[Event "POL-chT3"]
[Site "Jastrzebia Gora POL"]
[Date "2015.??.??"]
[Round "6.21"]
[White "Perdek, Miroslaw"]
[Black "Sapis, Witalis"]
[Result "1/2-1/2"]
[WhiteElo "2225"]
[BlackElo "2396"]
[EventDate "2015.??.??"]
[WhiteTitle "FM"]
[BlackTitle "IM"]

1.e4 c6 2.d4 d5 3.exd5 cxd5 4.c4 Nf6 5.Nc3 e6 6.Nf3 Bb4 7.Bd3 dxc4 8.Bxc4 
O-O 9.O-O Nbd7 10.Bg5 Be7 11.Qe2 Nd5 12.Bxe7 Nxe7 13.Rad1 Nf6 14.Ne5 Ned5 
15.Qf3 Qd6 16.Rfe1 Bd7 17.Bxd5 Nxd5 18.Nxd5 exd5 19.Rc1 Be6 20.h3 Qb6 21.
Qc3 Rac8 22.Qd2 Rxc1 23.Rxc1 f6 24.Ng4 Bxg4 25.hxg4 h6 26.Rc5 Qe6 27.Qf4 
Rc8 28.Qf5 Qe1+ 29.Kh2 Rxc5 30.dxc5 Qe5+ 31.f4 Qxb2 32.Qxd5+ Kh8 33.Qe6 
Qd4 34.Qf5 Qf2 35.Qc8+ Kh7 36.Qf5+ Kh8 37.Qc8+ Kh7 38.Qf5+ Kh8 1/2-1/2

[Event "POL-chT3"]
[Site "Jastrzebia Gora POL"]
[Date "2015.??.??"]
[Round "6.22"]
[White "Swic, Waldemar"]
[Black "Nowak, Kamil"]
[Result "0-1"]
[WhiteElo "2345"]
[BlackElo "2133"]
[EventDate "2015.??.??"]
[WhiteTitle "FM"]
[BlackTitle "I+"]

1.e4 c5 2.Nf3 d6 3.d4 cxd4 4.Nxd4 Nf6 5.Nc3 e6 6.g4 h6 7.g5 hxg5 8.Bxg5 
Nc6 9.Qd2 a6 10.O-O-O Bd7 11.h4 Qc7 12.f4 O-O-O 13.Be2 Be7 14.h5 Kb8 15.
Kb1 Ng8 16.Bxe7 Ngxe7 17.Nb3 Bc8 18.Bf3 g6 19.hxg6 Nxg6 20.Bh5 Nce7 21.
Bxg6 Rxh1 22.Rxh1 Nxg6 23.Qf2 Rg8 24.a3 Bd7 25.Rh7 Bc6 26.Nd4 Nf8 27.Nxc6+
bxc6 28.Rh3 Qa7 29.Qd2 Kc7 30.Na4 a5 31.Rd3 Qa6 32.b3 d5 33.exd5 cxd5 34.
Qc3+ Kd8 35.Nc5 Qb6 36.f5 Nd7 37.fxe6 fxe6 38.Nxd7 Kxd7 0-1

[Event "POL-chT3"]
[Site "Jastrzebia Gora POL"]
[Date "2015.??.??"]
[Round "6.23"]
[White "Kolasinski, Krzysztof"]
[Black "Flis, Pawel"]
[Result "0-1"]
[WhiteElo "2087"]
[BlackElo "2017"]
[EventDate "2015.??.??"]
[WhiteTitle "I++"]
[BlackTitle "k"]

1.Nf3 Nf6 2.c4 g6 3.g3 Bg7 4.Bg2 d6 5.Nc3 e5 6.d3 O-O 7.O-O Nc6 8.Rb1 a5 
9.a3 h6 10.b4 axb4 11.axb4 Be6 12.b5 Ne7 13.Bb2 Qd7 14.Re1 Bh3 15.Bh1 Ng4 
16.Qb3 Kh7 17.Ra1 Rab8 18.Ra7 f5 19.Rea1 g5 20.Qc2 Qe8 21.b6 c6 22.R7a5 
Nc8 23.Ra8 Nxb6 24.Rxb8 Qxb8 25.Rb1 Nd7 26.Nd1 Rf7 27.Bc1 Bf6 28.Ne1 Qa7 
29.Ne3 Bd8 30.Bf3 Kg7 31.d4 Nxe3 32.fxe3 e4 33.Bg2 Bxg2 34.Nxg2 Nf6 35.Bb2
d5 36.Rf1 Ne8 37.cxd5 cxd5 38.Qc8 Qb6 39.Ba3 Nd6 40.Bxd6 Qxd6 41.Rb1 Qd7 
42.Qa8 Qc7 43.Qa7 Qc6 44.Qa8 Bf6 45.Rf1 Be7 46.Qb8 Bd6 47.Qa8 Rf8 48.Qa7 
Bb8 49.Qa3 Bd6 50.Qb2 b5 51.Rc1 Qb7 52.Qb3 Ra8 53.Rf1 Kg6 54.Rb1 b4 55.Kf2
Qb5 56.h4 Qc4 57.Qd1 Ra2 58.hxg5 hxg5 59.Qf1 b3 60.g4 fxg4 61.Rc1 Rc2 62.
Rb1 b2 63.Ne1 Rd2 64.Ng2 g3+ 65.Kg1 Qxe2 66.Nh4+ gxh4 67.Qh3 Qf2+ 68.Kh1 
g2+ 69.Qxg2+ Qxg2# 0-1

[Event "POL-chT3"]
[Site "Jastrzebia Gora POL"]
[Date "2015.??.??"]
[Round "6.24"]
[White "Antolak, Julia"]
[Black "Iwanow, Anna"]
[Result "0-1"]
[WhiteElo "1945"]
[BlackElo "2312"]
[EventDate "2015.??.??"]
[WhiteTitle "k+"]
[BlackTitle "WIM"]

1.e4 e5 2.Nf3 Nc6 3.d4 exd4 4.Bc4 Nf6 5.e5 Ng4 6.O-O d6 7.Ng5 Ngxe5 8.Bd5 
Be7 9.Qh5 Bxg5 10.Bxg5 Qd7 11.f4 Qg4 12.Qxg4 Nxg4 13.Na3 Ne3 14.Rfe1 O-O 
15.Bf3 a6 16.Bh4 Nb4 17.Re2 Nf5 18.Bf2 d3 19.cxd3 Nxd3 20.Rd1 Nxf4 21.Re4 
Ng6 22.Re2 Nfh4 23.Bxh4 Nxh4 24.Re7 Nxf3+ 25.gxf3 c5 26.Rxd6 b5 27.Rc6 c4 
28.Nc2 Rd8 29.Rcc7 Be6 30.Nb4 h5 31.Nc6 Rd2 32.Ne5 Rf8 33.Ng6 Rfd8 34.Nf4 
Rxb2 0-1

[Event "POL-chT3"]
[Site "Jastrzebia Gora POL"]
[Date "2015.??.??"]
[Round "6.25"]
[White "Gajek, Radoslaw"]
[Black "Hnydiuk, Aleksander"]
[Result "1-0"]
[WhiteElo "2384"]
[BlackElo "2354"]
[EventDate "2015.??.??"]
[WhiteTitle "IM"]
[BlackTitle "IM"]

1.d4 Nf6 2.c4 e6 3.g3 d5 4.Nf3 dxc4 5.Qa4+ Nbd7 6.Qxc4 a6 7.Bg2 b5 8.Qd3 
Bb7 9.O-O c5 10.Nc3 cxd4 11.Qxd4 Bc5 12.Qh4 O-O 13.Rd1 Qb6 14.g4 Rfd8 15.
g5 Nd5 16.Nxd5 Bxd5 17.g6 fxg6 18.b4 Bf8 19.e4 Bc4 20.Bg5 Be2 21.Bxd8 Rxd8
22.Ng5 h6 23.Nxe6 g5 24.Qh3 g4 25.Qe3 Qxe6 26.Qxe2 Bxb4 27.e5 Kh8 28.Qe4 
Be7 29.Rac1 Rf8 30.Rc6 Qxa2 31.Rxd7 Qxf2+ 32.Kh1 Bc5 33.Rxh6+ 1-0

[Event "POL-chT3"]
[Site "Jastrzebia Gora POL"]
[Date "2015.??.??"]
[Round "6.26"]
[White "Helis, Tadeusz"]
[Black "Krainski, Aleksander"]
[Result "1-0"]
[WhiteElo "2228"]
[BlackElo "2134"]
[EventDate "2015.??.??"]
[WhiteTitle "FM"]
[BlackTitle "FM"]

1.Nf3 d5 2.c4 e6 3.g3 Nf6 4.Bg2 Be7 5.O-O O-O 6.b3 c5 7.Bb2 Nc6 8.e3 Qa5 
9.d3 Rd8 10.Qe2 Bd7 11.Nbd2 Be8 12.Rfe1 a6 13.cxd5 Nxd5 14.Nc4 Qc7 15.Nce5
Rac8 16.Rec1 Qb8 17.Nxc6 Bxc6 18.Ne5 Be8 19.Qg4 f5 20.Qe2 Bf6 21.f4 b5 22.
e4 Ne7 23.Qf2 Qd6 24.Bf1 fxe4 25.dxe4 Ng6 26.Nd3 Bxb2 27.Qxb2 c4 28.bxc4 
bxc4 29.Nf2 Qd4 30.Rc3 Rc5 31.Rd1 Qf6 32.Rxd8 Qxd8 33.Rxc4 Rxc4 34.Bxc4 
Qd6 35.Qb7 a5 36.Qa8 Kf8 37.Bb5 Qe7 38.a4 h5 39.Qxa5 h4 40.Qa8 hxg3 41.
hxg3 Kf7 42.Qxe8+ Qxe8 43.Bxe8+ Kxe8 44.Nd3 1-0

[Event "POL-chT3"]
[Site "Jastrzebia Gora POL"]
[Date "2015.??.??"]
[Round "6.27"]
[White "Karpus, Michal"]
[Black "Osipow, Nikolaj"]
[Result "1-0"]
[WhiteElo "2303"]
[BlackElo "2117"]
[EventDate "2015.??.??"]
[WhiteTitle "FM"]
[BlackTitle "k"]

1.e4 Nf6 2.e5 Nd5 3.d4 d6 4.c4 Nb6 5.exd6 exd6 6.Bd3 Nc6 7.Ne2 Nb4 8.Be4 
Nxc4 9.Qa4+ Qd7 10.Qxb4 d5 11.Qb3 dxe4 12.Qxc4 Qg4 13.Ng3 Bd6 14.Qe2 Qxe2+
15.Nxe2 Be6 16.Nbc3 f5 17.Bf4 O-O-O 18.d5 Bf7 19.h4 a6 20.Bxd6 Rxd6 21.Nf4
g6 22.O-O-O h6 23.f3 exf3 24.gxf3 Rg8 25.Rde1 Rd7 26.Re5 g5 27.Ne6 gxh4 
28.Rxf5 Re7 29.Rf6 c6 30.Rxh6 cxd5 1-0

[Event "POL-chT3"]
[Site "Jastrzebia Gora POL"]
[Date "2015.??.??"]
[Round "6.28"]
[White "Szmyd, Arkadiusz"]
[Black "Krainski, Slawomir"]
[Result "0-1"]
[WhiteElo "2137"]
[BlackElo "2124"]
[EventDate "2015.??.??"]
[WhiteTitle "k"]
[BlackTitle "k"]

1.e4 e5 2.Nc3 Nf6 3.f4 d5 4.fxe5 Nxe4 5.Nf3 Be7 6.Qe2 Nxc3 7.dxc3 O-O 8.
Bf4 c5 9.O-O-O Be6 10.h4 h6 11.Ng5 hxg5 12.hxg5 g6 13.g3 Kg7 14.Rh7+ Kxh7 
15.Qh2+ Kg8 16.Be2 f5 17.Rh1 Kf7 18.Qh7+ Ke8 19.Qxg6+ Kd7 20.Rh6 Qb6 21.
Qh5 c4 22.g6 Na6 23.g7 Rg8 24.g4 Qf2 25.Rxe6 Qxf4+ 26.Kd1 Kxe6 27.gxf5+ 
Kd7 28.f6 Nc5 29.fxe7 Ne4 30.e6+ Kc6 0-1

[Event "POL-chT3"]
[Site "Jastrzebia Gora POL"]
[Date "2015.??.??"]
[Round "6.29"]
[White "Sciborowski, Miroslaw"]
[Black "Knopik, Krzysztof"]
[Result "1-0"]
[WhiteElo "1981"]
[BlackElo "2150"]
[EventDate "2015.??.??"]
[WhiteTitle "k"]
[BlackTitle "k"]

1.d4 Nf6 2.Nf3 g6 3.g3 Bg7 4.Bg2 O-O 5.O-O d6 6.a4 Nc6 7.b3 Bg4 8.Bb2 Qc8 
9.Re1 Bh3 10.e4 Bxg2 11.Kxg2 Nd7 12.e5 dxe5 13.dxe5 Nc5 14.Qd5 Ne6 15.Nc3 
Rd8 16.Qe4 Ncd4 17.Nd5 Rxd5 18.Bxd4 Qd7 19.Be3 c6 20.c4 Rd3 21.Reb1 Qd8 
22.b4 Rd7 23.a5 Qc8 24.b5 c5 25.Rd1 Rb8 26.Rd5 b6 27.Rad1 Rc7 28.a6 h6 29.
Nh4 Nf8 30.f4 Qg4 31.R1d2 Qc8 32.Qd3 Qe8 33.g4 e6 34.Rd6 Rbc8 35.Nf3 Rb8 
36.Bf2 Rcc8 37.Bh4 Ra8 38.Rd1 Rab8 39.Nd2 g5 40.Bg3 gxf4 41.Bxf4 Ng6 42.
Qe3 Rd8 43.Ne4 Rxd6 44.Nxd6 Qe7 45.Bg3 Rd8 46.Rf1 Rf8 47.Qe4 Qg5 48.Re1 
Rd8 49.Rf1 Rd7 50.Qa8+ Kh7 51.Nxf7 Qxg4 52.Qc6 Rd2+ 53.Kh1 Qxc4 54.Qf3 
Qxb5 55.Nd6 Qe2 56.Qxe2 Rxe2 57.Rf7 Kg8 58.Rxa7 Bxe5 59.Ra8+ Kh7 60.a7 Ra2
61.Nb5 Bxg3 62.hxg3 Ne5 63.Rf8 1-0

[Event "POL-chT3"]
[Site "Jastrzebia Gora POL"]
[Date "2015.??.??"]
[Round "6.30"]
[White "Gonsior, Monika"]
[Black "Pacuszka, Wioletta"]
[Result "1-0"]
[WhiteElo "1952"]
[BlackElo "1943"]
[EventDate "2015.??.??"]
[WhiteTitle "m"]
[BlackTitle "I+"]

1.e4 c5 2.Nf3 e6 3.d4 cxd4 4.Nxd4 a6 5.c4 Ne7 6.Nc3 Nbc6 7.Be3 Qc7 8.Qd2 
Nxd4 9.Bxd4 Nc6 10.Be3 Be7 11.Be2 Ne5 12.Rc1 O-O 13.O-O f5 14.f4 Ng6 15.
exf5 Rxf5 16.Bd3 Rh5 17.Ne4 Nh4 18.Ng3 Ra5 19.b4 Ra3 20.c5 Bf6 21.Ne4 Qd8 
22.Nd6 Qe7 23.Nc4 Rxd3 24.Qxd3 Nf5 25.Nb6 Rb8 26.Bf2 Qf7 27.Kh1 Bd8 28.Nc4
Qf8 29.Nd6 Bc7 30.Nxf5 Qxf5 31.Qxf5 exf5 32.Bd4 d6 33.Rce1 Kf7 34.Bxg7 
dxc5 35.bxc5 Ba5 36.Be5 Bxe1 37.Bxb8 Bb4 38.Bd6 Ke6 39.Kg1 Kd5 40.Rb1 Bc3 
41.Kf2 Ke4 42.Rb3 Bd4+ 43.Ke2 Kd5 44.Rh3 b6 45.Rxh7 bxc5 46.Be5 Be6 47.
Bxd4 Kxd4 48.a3 Bd5 49.Rd7 Ke4 50.g3 Bc4+ 51.Kf2 Bb5 52.Rc7 Kd4 53.h4 Be8 
54.Rc8 Bh5 55.Rh8 Bf7 56.h5 c4 57.h6 Kc3 58.Rh7 Bd5 59.Rg7 Kd2 60.Rd7 1-0

[Event "POL-chT3"]
[Site "Jastrzebia Gora POL"]
[Date "2015.??.??"]
[Round "6.31"]
[White "Krogulski, Grzegorz"]
[Black "Teclaf, Pawel"]
[Result "1/2-1/2"]
[WhiteElo "2304"]
[BlackElo "2200"]
[EventDate "2015.??.??"]
[WhiteTitle "m"]
[BlackTitle "CM"]

1.e4 c5 2.Nc3 a6 3.g3 b5 4.Bg2 Bb7 5.d4 cxd4 6.Qxd4 d6 7.Be3 Nd7 8.a4 e5 
9.Qd2 Ngf6 10.Nge2 bxa4 11.Rxa4 Be7 12.O-O O-O 13.Nd5 Ng4 14.Nec3 Nxe3 15.
Qxe3 Bg5 16.Qe2 Nb6 17.Nxb6 Qxb6 18.Ra3 Bc6 19.Rb3 Qc5 20.Ra1 a5 21.Na4 
Bxa4 22.Rxa4 Rac8 23.c3 Rb8 24.Rxb8 Rxb8 25.Rc4 Qb6 26.Qg4 h6 27.Rc8+ Rxc8
28.Qxc8+ Kh7 29.h4 Bf6 30.Bh3 Qxb2 31.Qf5+ Kg8 32.Qc8+ Kh7 33.Qf5+ Kg8 34.
Qc8+ Kh7 35.Qf5+ 1/2-1/2

[Event "POL-chT3"]
[Site "Jastrzebia Gora POL"]
[Date "2015.??.??"]
[Round "6.32"]
[White "Oszczanowski, Witold"]
[Black "Sygulski, Boguslaw"]
[Result "1/2-1/2"]
[WhiteElo "2086"]
[BlackElo "2242"]
[EventDate "2015.??.??"]
[WhiteTitle "k"]
[BlackTitle "IM"]

1.e4 d6 2.d4 Nf6 3.Nc3 e5 4.Nf3 Nbd7 5.Bc4 Be7 6.O-O O-O 7.h3 c6 8.a4 b6 
9.b4 a6 10.d5 cxd5 11.Bxd5 Nxd5 12.Nxd5 Nf6 13.Nd2 Bb7 14.c4 Nxd5 15.cxd5 
Rc8 16.Ba3 f5 17.b5 axb5 18.axb5 Bg5 19.exf5 Bxd2 20.Qxd2 Rxf5 21.Rfc1 e4 
22.Rxc8 Qxc8 23.Bxd6 Rxd5 24.Qf4 Rxb5 25.Rc1 Qf5 26.Rc7 Qxf4 27.Bxf4 Rf5 
28.Be3 Rf7 29.Bxb6 Rxc7 30.Bxc7 Kf7 31.h4 Ke6 32.g3 Kf5 33.Bf4 Kg4 34.Be5 
g6 35.Bf4 Kf3 36.Be3 Ba6 37.Bh6 Bb5 38.Bg5 h5 39.Be3 Bc4 40.Bg5 Bb5 41.Be3
1/2-1/2

[Event "POL-chT3"]
[Site "Jastrzebia Gora POL"]
[Date "2015.??.??"]
[Round "6.33"]
[White "Markiewicz, Jerzy"]
[Black "Zareba, Radoslaw"]
[Result "0-1"]
[WhiteElo "2251"]
[BlackElo "2071"]
[EventDate "2015.??.??"]
[WhiteTitle "FM"]
[BlackTitle "I"]

1.e4 d6 2.d4 Nf6 3.Nc3 g6 4.f4 Bg7 5.Nf3 O-O 6.e5 Nfd7 7.h4 c5 8.h5 cxd4 
9.Qxd4 dxe5 10.Qf2 exf4 11.hxg6 hxg6 12.Qh4 Nf6 13.Bxf4 Qa5 14.Ng5 Nh5 15.
O-O-O Bxc3 16.bxc3 Qxc3 17.Ne4 Qa3+ 18.Kd2 Bf5 19.Bd6 Qa5+ 20.Kc1 Bxe4 21.
Qxe7 Nc6 22.Qxe4 Rfe8 23.Qc4 Rad8 24.Qc5 Rxd6 25.Qxd6 Rd8 26.Rxh5 Qxh5 27.
Bc4 Nb8 28.Bf1 Nc6 0-1

[Event "POL-chT3"]
[Site "Jastrzebia Gora POL"]
[Date "2015.??.??"]
[Round "6.34"]
[White "Czachor, Radoslaw"]
[Black "Zaskalski, Arkadiusz"]
[Result "1/2-1/2"]
[WhiteElo "1994"]
[BlackElo "2184"]
[EventDate "2015.??.??"]
[WhiteTitle "I++"]
[BlackTitle "k"]

1.Nf3 Nf6 2.c4 c5 3.b3 g6 4.Bb2 Bg7 5.g3 Nc6 6.Bg2 O-O 7.O-O d6 8.Nc3 e5 
9.d3 h6 10.Ne1 Be6 11.Nc2 d5 12.e4 d4 13.Nd5 Ne8 14.Ba3 b6 15.b4 Qd6 16.
Rb1 Rb8 17.bxc5 bxc5 18.Qd2 Nf6 19.Nxf6+ Bxf6 20.Qxh6 Rxb1 21.Rxb1 Rb8 22.
Qc1 Be7 23.Bf3 a5 24.Rxb8+ Qxb8 25.Ne1 Kg7 26.Bd1 Nb4 27.Qb1 Bd7 28.Bc1 
Bd6 29.Bd2 Bc7 30.a3 Na6 31.Qc1 Bd8 32.h4 Qd6 33.Ng2 Nb8 34.h5 Be6 35.hxg6
fxg6 36.Bg5 Bxg5 37.Qxg5 Bc8 38.f4 Qf6 39.Qxe5 Qxe5 40.fxe5 Nc6 41.Nf4 
Nxe5 42.Be2 Kf6 43.Kf2 Ke7 44.Ke1 Kd6 45.Kd2 Bd7 46.Bd1 Bc6 47.Nd5 Be8 48.
Nb6 Kc7 49.Ba4 Kxb6 50.Bxe8 g5 51.Ba4 Kc7 52.Bd1 Kb6 53.Be2 Ka6 54.Kc2 Kb6
55.Bh5 Ka6 56.Be2 1/2-1/2

[Event "POL-chT3"]
[Site "Jastrzebia Gora POL"]
[Date "2015.??.??"]
[Round "6.35"]
[White "Augustyn, Sebastian"]
[Black "Mondrzycki, Bartlomiej"]
[Result "1/2-1/2"]
[WhiteElo "2109"]
[BlackElo "2082"]
[EventDate "2015.??.??"]
[WhiteTitle "k"]
[BlackTitle "I+"]

1.e4 d6 2.d4 Nf6 3.Nc3 c6 4.f3 Nbd7 5.Be3 e5 6.Qd2 Be7 7.Bd3 O-O 8.a4 b6 
9.Nge2 a6 10.O-O Bb7 11.Ng3 Re8 12.Nf5 Bf8 13.Qf2 b5 14.Rad1 Qc7 15.Qg3 g6
16.dxe5 dxe5 17.Nh6+ Kg7 18.Qh4 Nh5 19.Ne2 Bc5 20.Bxc5 Nxc5 21.Nf5+ Kg8 
22.g4 Nf4 23.Nxf4 exf4 24.Nh6+ Kg7 25.g5 Bc8 26.axb5 axb5 27.b4 Ne6 28.Ng4
Nf8 29.Nf6 Rd8 30.e5 Be6 31.Qxf4 Qa7+ 32.Kh1 Rd4 33.Ne4 Rxb4 34.Qf6+ Kg8 
35.Ra1 Ra4 36.Rad1 Nd7 37.Qe7 Nxe5 38.Nf6+ Kh8 39.Qd6 Qd4 40.Qxd4 Rxd4 41.
Be4 Rdd8 42.Rxd8+ Rxd8 43.Kg2 c5 44.Kg3 Kg7 45.h4 Rd2 46.Ra1 Nd7 47.Ne8+ 
Kf8 48.Nc7 Bc4 49.Ra8+ Ke7 50.h5 f5 51.Bc6 gxh5 52.Nxb5 f4+ 53.Kxf4 h4 54.
Na3 Bf1 55.Ra7 Rd4+ 56.Ke3 h3 57.f4 Bg2 58.Bxd7 Rxd7 59.Rxd7+ Kxd7 60.Kf2 
Be4 61.Kg3 Bf5 62.c3 Kc6 63.c4 Kd6 64.Nb5+ Kc6 65.Nc3 Be6 66.Nd1 Bxc4 67.
Kxh3 Be6+ 68.Kg3 Kd5 69.Kf3 Kd4 70.Ne3 c4 71.f5 Bf7 72.Kf4 c3 73.Nc2+ Kd3 
74.Na3 Kd2 75.Nb1+ Kc2 76.Nxc3 Kxc3 77.Ke5 Bb3 78.Kf6 Kd4 79.Kg7 Ke5 80.
Kxh7 Kxf5 81.g6 Ke5 82.g7 Kd4 83.g8=B 1/2-1/2

[Event "POL-chT3"]
[Site "Jastrzebia Gora POL"]
[Date "2015.??.??"]
[Round "6.36"]
[White "Zdziarska-zareba, Lidia"]
[Black "Jalowiec, Halina"]
[Result "1/2-1/2"]
[WhiteElo "1913"]
[BlackElo "1985"]
[EventDate "2015.??.??"]
[WhiteTitle "k+"]
[BlackTitle "WFM"]

1.e4 e5 2.Nf3 Nc6 3.Bc4 Bc5 4.c3 Nf6 5.d3 O-O 6.b4 Bb6 7.O-O d6 8.Re1 a5 
9.b5 Ne7 10.a4 Ng6 11.h3 c6 12.Ba3 Re8 13.Nbd2 Nf4 14.Nf1 Be6 15.Bxe6 Nxe6
16.Ne3 Nf4 17.Nf5 c5 18.c4 Qd7 19.Bc1 g6 20.Ng3 Bd8 21.Kh2 Kg7 22.Qd2 Ng8 
23.Ne2 Ne6 24.Ng3 Bf6 25.Ne2 h6 26.Nc3 Nf4 27.Ne2 Nxe2 28.Rxe2 Kh7 29.Bb2 
b6 30.Rg1 Bg7 31.g4 Qe6 32.Bc1 Rf8 33.Nh4 Ne7 34.Qe3 Ng8 35.f3 Bf6 36.Ng2 
Bg5 37.Qf2 Bf6 38.Ne3 Rab8 39.Nd5 Bg7 40.Rf1 Ne7 41.Nxe7 1/2-1/2

[Event "POL-chT3"]
[Site "Jastrzebia Gora POL"]
[Date "2015.??.??"]
[Round "6.37"]
[White "Nguyen, Piotr"]
[Black "Rozycki, Bartlomiej"]
[Result "1-0"]
[WhiteElo "2327"]
[BlackElo "2167"]
[EventDate "2015.??.??"]
[WhiteTitle "m"]
[BlackTitle "k++"]

1.d4 Nf6 2.Nf3 e6 3.Bg5 d5 4.Nbd2 Be7 5.e3 O-O 6.Bd3 Nbd7 7.c3 c5 8.Ne5 
Nxe5 9.dxe5 Nd7 10.Bf4 f6 11.Qh5 g6 12.Bxg6 hxg6 13.Qxg6+ Kh8 14.Qh6+ Kg8 
15.Qg6+ Kh8 16.h4 Qe8 17.Qh6+ Kg8 18.Rh3 1-0

[Event "POL-chT3"]
[Site "Jastrzebia Gora POL"]
[Date "2015.??.??"]
[Round "6.38"]
[White "Chylewski, Patryk"]
[Black "Licznerski, Lukasz"]
[Result "0-1"]
[WhiteElo "2027"]
[BlackElo "2293"]
[EventDate "2015.??.??"]
[WhiteTitle "k"]
[BlackTitle "FM"]

1.d4 Nf6 2.c4 c5 3.d5 b5 4.cxb5 a6 5.e3 Bb7 6.Nc3 e6 7.Nf3 Nxd5 8.Bd2 Be7 
9.a4 O-O 10.Nxd5 Bxd5 11.Bc3 axb5 12.Bxb5 Bc6 13.Be2 Bf6 14.Bxf6 Qxf6 15.
Qc2 Na6 16.O-O Rfb8 17.Rfb1 d6 18.Qd2 Be4 19.Re1 Rxb2 20.Qc1 Nb4 21.Nd2 
Bd3 22.Bf3 Rb8 23.Ra3 Rc2 24.Qd1 Qb2 25.Nb1 c4 26.a5 Na6 27.h4 d5 28.h5 h6
29.Ra4 Rxf2 0-1

[Event "POL-chT3"]
[Site "Jastrzebia Gora POL"]
[Date "2015.??.??"]
[Round "6.39"]
[White "Flak, Pawel"]
[Black "Praczukowski, Stanislaw"]
[Result "0-1"]
[WhiteElo "2223"]
[BlackElo "2028"]
[EventDate "2015.??.??"]
[WhiteTitle "k"]
[BlackTitle "I++"]

1.d4 Nf6 2.c4 g6 3.Nc3 Bg7 4.e4 d6 5.f3 O-O 6.Be3 c5 7.Nge2 Nc6 8.Qd2 cxd4
9.Nxd4 Nd7 10.Nb3 a5 11.Na4 b6 12.Be2 Nc5 13.Nc3 a4 14.Nc1 a3 15.b3 b5 16.
Bh6 Bxh6 17.Qxh6 bxc4 18.Bxc4 Nd4 19.O-O Be6 20.Bxe6 Ncxe6 21.Qd2 Rc8 22.
Rf2 Qb6 23.N1e2 Nxe2+ 24.Nxe2 Rc6 25.Nc3 Rfc8 26.Nd5 Qa7 27.Ne3 Nd4 28.Nc4
e5 29.Rc1 Kg7 30.g3 Nxf3+ 31.Kg2 Nxd2 32.Rxd2 Rxc4 33.bxc4 Qe3 0-1

[Event "POL-chT3"]
[Site "Jastrzebia Gora POL"]
[Date "2015.??.??"]
[Round "6.40"]
[White "Kokoszczynski, Jan"]
[Black "Grzelak, Artur"]
[Result "0-1"]
[WhiteElo "1873"]
[BlackElo "2147"]
[EventDate "2015.??.??"]
[WhiteTitle "I++"]
[BlackTitle "m"]

1.e4 g6 2.d4 Bg7 3.f4 c5 4.d5 d6 5.Nf3 Nf6 6.Nc3 O-O 7.Bd3 Na6 8.O-O Bg4 
9.h3 Bxf3 10.Rxf3 Rb8 11.a4 Nb4 12.Bc4 Nd7 13.a5 Na6 14.Qe2 Nc7 15.Nb5 
Nxb5 16.Bxb5 Nf6 17.Bd2 Ne8 18.Bc3 Bxc3 19.Rxc3 Nc7 20.Rb3 e6 21.Bc4 exd5 
22.exd5 Qf6 23.Qd2 Rfe8 24.Be2 Re4 25.Rf1 Rd4 26.Qc1 Nxd5 27.f5 g5 28.c3 
Ra4 29.Bf3 Nf4 30.Qc2 Rxa5 31.h4 c4 32.Rxb7 Rxb7 33.Bxb7 h6 34.hxg5 hxg5 
35.g3 Nh5 36.Qh2 Ng7 37.g4 Re5 38.Qf2 d5 39.Qd4 Qd6 40.Ra1 Re4 41.Qxd5 
Qg3+ 42.Kh1 Qf3+ 43.Kh2 Re2+ 44.Kg1 Qf2+ 0-1

[Event "POL-chT3"]
[Site "Jastrzebia Gora POL"]
[Date "2015.??.??"]
[Round "6.41"]
[White "Pietocha, Pawel"]
[Black "Wisniewski, Jacek"]
[Result "1/2-1/2"]
[WhiteElo "2077"]
[BlackElo "1736"]
[EventDate "2015.??.??"]
[WhiteTitle "I++"]
[BlackTitle "I"]

1.e4 c5 2.c3 d5 3.exd5 Qxd5 4.d4 cxd4 5.cxd4 Nc6 6.Nf3 e5 7.Nc3 Bb4 8.Bd2 
Bxc3 9.Bxc3 e4 10.Ne5 Nxe5 11.dxe5 Ne7 12.Qh5 O-O 13.Rd1 Qxa2 14.Bb4 Qe6 
15.Qh4 Ng6 16.Qxe4 Re8 17.f4 Bd7 18.Bc4 Bc6 19.Bxe6 Bxe4 20.Bd7 Bxg2 21.
Rg1 Bf3 22.Rd6 Red8 23.Kf2 Bc6 24.Bxc6 bxc6 25.Ke3 Rab8 26.Rxd8+ Rxd8 27.
Rf1 f6 28.Bd6 Kf7 29.Rc1 fxe5 30.fxe5 Ke6 31.Ke4 Rc8 32.Ra1 Ra8 33.Ra6 Ne7
34.Bxe7 Kxe7 35.Rxc6 Rb8 36.Rc7+ Ke6 37.Rxa7 Rxb2 38.Rxg7 Rxh2 39.Kf4 Rh4+
40.Kg3 Rh5 41.Kf4 1/2-1/2

[Event "POL-chT3"]
[Site "Jastrzebia Gora POL"]
[Date "2015.??.??"]
[Round "6.42"]
[White "Olechnicka, Karolina"]
[Black "Leszner, Liliana"]
[Result "0-1"]
[WhiteElo "1747"]
[BlackElo "2027"]
[EventDate "2015.??.??"]
[WhiteTitle "k++"]
[BlackTitle "WIM"]

1.e4 c6 2.d4 d6 3.Nc3 g6 4.f4 Bg7 5.Nf3 Nf6 6.Be3 O-O 7.Qd2 b5 8.e5 b4 9.
Ne2 Nd5 10.Bf2 Ba6 11.Ng3 Bh6 12.Ng5 Qa5 13.Bxa6 Nxa6 14.O-O dxe5 15.dxe5 
Nac7 16.a3 f6 17.exf6 exf6 18.axb4 Qxb4 19.Qxb4 Nxb4 20.Bc5 fxg5 21.Bxf8 
Bxf8 22.fxg5 Nxc2 23.Ra4 Nb5 24.Raf4 Rd8 25.Ne4 Ne3 26.R1f3 Nd5 27.Rf7 Nd4
28.Rf2 Nf5 29.Rxa7 Bg7 30.Ra6 Bd4 31.Rxc6 Re8 32.Rc1 Rxe4 0-1

[Event "POL-chT3"]
[Site "Jastrzebia Gora POL"]
[Date "2015.??.??"]
[Round "6.43"]
[White "Tomaszewski, Kacper"]
[Black "Brzezinski, Mateusz"]
[Result "0-1"]
[WhiteElo "2278"]
[BlackElo "2125"]
[EventDate "2015.??.??"]
[WhiteTitle "k"]
[BlackTitle "I++"]

1.d4 f5 2.g3 Nf6 3.Bg2 e6 4.c4 c6 5.Nh3 d5 6.O-O Bd6 7.Nd2 O-O 8.Nf3 Nbd7 
9.Nf4 Re8 10.Qc2 Ne4 11.Nd3 b6 12.b4 Ba6 13.c5 bxc5 14.dxc5 Be7 15.Bb2 Bf6
16.a4 Rb8 17.Rfb1 Bc4 18.Ra3 a5 19.b5 Qe7 20.Bxf6 Qxf6 21.bxc6 Rxb1+ 22.
Qxb1 Rb8 23.Qa1 Ndxc5 24.Qxf6 gxf6 25.h4 Nb3 26.Nb2 Rc8 27.Rxb3 Bxb3 28.
Nd4 Nc5 29.Nd3 Nxd3 30.Nxb3 Ne5 31.Nxa5 Nxc6 32.Nb7 Ra8 33.Nc5 Kf7 34.e3 
Ra5 35.Nd3 Rxa4 36.Nf4 Ra1+ 37.Kh2 Ne5 38.Bh3 Ng4+ 39.Kg2 Ra2 0-1

[Event "POL-chT3"]
[Site "Jastrzebia Gora POL"]
[Date "2015.??.??"]
[Round "6.44"]
[White "Wisniewski, Adam"]
[Black "Matuszczyk, Przemyslaw"]
[Result "0-1"]
[WhiteElo "1916"]
[BlackElo "2086"]
[EventDate "2015.??.??"]
[WhiteTitle "I+"]
[BlackTitle "I++"]

1.e4 c5 2.Nf3 d6 3.c3 Nf6 4.Be2 Nbd7 5.Qc2 Qc7 6.O-O g6 7.Re1 Bg7 8.a4 b6 
9.Bc4 e6 10.Na3 O-O 11.Bb3 a6 12.d4 Bb7 13.Qd3 Qc6 14.Bc2 b5 15.a5 Rac8 
16.Bd2 c4 17.Qe2 Qc7 18.Ng5 h6 19.Nh3 Rfe8 20.f4 e5 21.fxe5 dxe5 22.d5 Nc5
23.Qf3 Nfd7 24.Rf1 f5 25.exf5 e4 26.Qf2 g5 27.Be3 Nd3 28.Qe2 Bxd5 29.Bd4 
Bxd4+ 30.cxd4 Nf6 31.Nb1 Qa7 32.Nc3 Qxd4+ 33.Kh1 Bf7 34.g4 b4 35.Nd1 e3 
36.Ba4 Bd5+ 37.Kg1 Qe4 0-1

[Event "POL-chT3"]
[Site "Jastrzebia Gora POL"]
[Date "2015.??.??"]
[Round "6.45"]
[White "Smolka, Marcin"]
[Black "Mazalon, Mariusz"]
[Result "1-0"]
[WhiteElo "2070"]
[BlackElo "2040"]
[EventDate "2015.??.??"]
[WhiteTitle "k"]
[BlackTitle "k"]

1.e4 c5 2.c4 d6 3.Ne2 Nf6 4.Nbc3 a6 5.d4 cxd4 6.Nxd4 e6 7.Be2 b6 8.Bf3 Ra7
9.Be3 Bb7 10.O-O Nbd7 11.Qc2 Qa8 12.Nb3 Bc6 13.Nd2 Rc7 14.Nd5 Bxd5 15.exd5
e5 16.Qa4 Qb7 17.Rac1 Be7 18.b4 Qc8 19.Bxb6 Rb7 20.Be3 O-O 21.c5 Qb8 22.a3
Rb5 23.c6 Nb6 24.Qxa6 Nbxd5 25.c7 Nxc7 26.Rxc7 1-0

[Event "POL-chT3"]
[Site "Jastrzebia Gora POL"]
[Date "2015.??.??"]
[Round "6.46"]
[White "Stoppel, Mariusz"]
[Black "Wolynski, Krzysztof"]
[Result "1/2-1/2"]
[WhiteElo "2034"]
[BlackElo "2061"]
[EventDate "2015.??.??"]
[WhiteTitle "I+"]
[BlackTitle "I+"]

1.e4 c6 2.d4 d5 3.Nc3 dxe4 4.Nxe4 Bf5 5.Ng3 Bg6 6.Nf3 Nd7 7.Bc4 e6 8.O-O 
Ngf6 9.Qe2 Be7 10.c3 Nb6 11.Bb3 Nbd5 12.Ne5 Nd7 13.c4 N5b6 14.Nxg6 hxg6 
15.Be3 Nf6 16.Rfd1 Rh4 17.d5 cxd5 18.Bg5 Rh8 19.Bxf6 gxf6 20.cxd5 exd5 21.
Bxd5 Nxd5 22.Qb5+ Qd7 23.Qxd7+ Kxd7 24.Rxd5+ Kc6 25.Rd3 Rac8 26.Re1 Bb4 
27.Re4 a5 28.a3 Bc5 29.h3 f5 30.Rc4 Kb5 31.Rc2 Bb6 32.Rcd2 Rc1+ 33.Kh2 
Rhc8 34.Ne2 Rf1 35.Nc3+ Ka6 36.Rd6 Rc6 37.Rxc6 bxc6 38.Kg3 f6 39.h4 Bc7+ 
40.Kf3 Be5 41.Nd1 c5 42.Ke2 Rh1 43.g3 f4 44.gxf4 Bxf4 45.Rd5 Kb5 46.Nc3+ 
Kc4 47.Rd3 Rxh4 48.Nd5 Be5 49.b3+ Kb5 50.a4+ Ka6 51.Ne7 g5 52.Rd7 Kb6 53.
Rd8 c4 54.bxc4 Rxc4 55.Nd5+ Kb7 56.Rf8 Rxa4 57.Ke3 Rc4 58.f3 Kc6 59.Ne7+ 
Kd7 60.Ng6 Bf4+ 61.Kd3 Rc6 62.Nxf4 gxf4 63.Ra8 Rc5 64.Ke4 Rc4+ 65.Kd5 Ra4 
66.Ra7+ Kd8 67.Ke6 Kc8 68.Kxf6 Kb8 69.Rh7 Ra3 70.Ke5 Ra4 71.Rh4 Rb4 72.Rh1
1/2-1/2